| 000 | 00658cam a2200193 a 4500 | ||
|---|---|---|---|
| 020 | _a0439188954 (Scholastic Book Club ed.) | ||
| 040 | _cDLC | ||
| 082 | 0 | 0 | _a813 SCH 2001 A096 Or. |
| 100 | 1 | _aMcMullan, Kate. | |
| 245 | 1 | 0 | _aAs far as I can see / |
| 250 | _a1st ed. | ||
| 260 |
_aNew York : _bScholastic, _c2001. |
||
| 300 |
_a106 p. ; _bill. ; _c19 cm. |
||
| 490 | 1 | _aMeg's diary ; | |
| 520 | _aIn her diary for 1856, nine-year-old Meg describes the long, dangerous journey she and her younger brother make from Missouri to Kansas, as well as the new life they find there. | ||
| 650 | 1 | _aFrontier and pioneer life | |
| 650 | 1 | _aDiaries | |
| 942 | _cEK | ||
| 999 |
_c14203 _d14203 |
||